Inštitucionálne a podnikateľské prostredie regiónov

Štúdia predstavuje problematiku posúdenia inštitucionálneho prostredia a podnikateľského prostredia ako súčasti konkurencieschopnosti územných celkov. Záujem o ich aplikáciu na ekonomický rast a konkurencieschopnosť na úrovni krajín a nižších administratívnych celkov v odbornej verejnosti neustále n...

Descripción completa

Guardado en:
Detalles Bibliográficos
Autor principal: Tej, Juraj
Formato: Capítulo de libro
Lenguaje:eslovaco
Materias:
Etiquetas: Agregar Etiqueta
Sin Etiquetas, Sea el primero en etiquetar este registro!

MARC

LEADER 00000naa$a2200000$$$4500
001 0111117
005 20240312092232.5
041 0 |a slo 
044 |a SK 
245 1 0 |a Inštitucionálne a podnikateľské prostredie regiónov  |c Juraj Tej 
520 |a Štúdia predstavuje problematiku posúdenia inštitucionálneho prostredia a podnikateľského prostredia ako súčasti konkurencieschopnosti územných celkov. Záujem o ich aplikáciu na ekonomický rast a konkurencieschopnosť na úrovni krajín a nižších administratívnych celkov v odbornej verejnosti neustále narastá. V závere sú porovnané názory podnikateľských aktérov na kvalitu podnikateľského prostredia v SR a ČR. 
610 2 0 |a rozvoj regionálny 
610 2 0 |a prostredie podnikateľské 
610 2 0 |a správa verejná 
610 2 0 |a podnikanie malé 
610 2 0 |a podnikanie stredné 
610 2 0 |a konkurencieschopnosť 
100 1 |a Tej, Juraj